[Event "1st WCh-Team Women"]
[Site "Ekaterinburg RUS"]
[Date "2007.05.29"]
[Round "9"]
[White "Lahno,Kateri"]
[Black "Le Kieu Thien Kim"]
[Result "1-0"]
[WhiteElo "2467"]
[BlackElo "2298"]

1.e4 Nf6 2.e5 Nd5 3.d4 d6 4.Nf3 Bg4 5.Be2 e6 6.O-O Be7 7.c4 Nb6 8.Nc3 O-O
9.h3 Bh5 10.Be3 Nc6 11.exd6 cxd6 12.d5 Bxf3 13.Bxf3 Ne5 14.dxe6 fxe6 15.Bg4 Nxg4
16.Qxg4 Rf6 17.Rad1 Qc7 18.b3 Qc6 19.Rd3 Rg6 20.Qe4 Qxe4 21.Nxe4 d5 22.cxd5 Nxd5
23.Rc1 Ba3 24.Rcd1 Rc8 25.g3 a6 26.Kf1 b5 27.Bd4 h6 28.Be5 Kh7 29.h4 h5 30.R3d2 Be7
31.Re2 Kg8 32.f4 Rh6 33.Ng5 Bxg5 34.hxg5 Rh8 35.Bb2 h4 36.Rxe6 hxg3 37.Rxd5 Rh1+
38.Kg2 Rh2+ 39.Kxg3 Rxb2 40.Rxa6 b4 41.Rd7 Rc3+ 42.Kg4  1-0

[Event "2nd Women's"]
[Site "Baku AZE"]
[Date "2007.09.04"]
[Round "1"]
[White "Lahno,Kateri"]
[Black "Cramling,P"]
[Result "1/2-1/2"]
[WhiteElo "2450"]
[BlackElo "2533"]

1.e4 c5 2.Nf3 e6 3.d4 cxd4 4.Nxd4 a6 5.Bd3 Nf6 6.O-O d6 7.c4 b6 8.Nc3 Bb7
9.Be3 Be7 10.b4 O-O 11.a3 Nbd7 12.f4 Re8 13.Nb3 Rc8 14.Rc1 Bf8 15.Qe2 Qc7
16.Bf2 Qb8 17.Rc2 g6 18.Be3 Ba8 19.Nd2 Bg7 20.Kh1  1/2-1/2

[Event "2nd Women's"]
[Site "Baku AZE"]
[Date "2007.09.08"]
[Round "5"]
[White "Lahno,Kateri"]
[Black "Cmilyte,V"]
[Result "1/2-1/2"]
[WhiteElo "2450"]
[BlackElo "2467"]

1.e4 c5 2.Nf3 Nc6 3.Bb5 e6 4.O-O Nge7 5.c3 a6 6.Be2 d5 7.exd5 Nxd5 8.d4 cxd4
9.Nxd4 Bd6 10.Nxc6 bxc6 11.c4 Nf6 12.Nc3 Qc7 13.h3 O-O 14.Qc2 c5 15.Bf3 Rb8
16.Rd1 Bb7 17.Bxb7 Rxb7 18.Be3 Rbb8 19.Rd3 Rfd8 20.Rad1 Be7 21.Rxd8+ Rxd8
22.Rxd8+ Qxd8 23.Qe2 h6 24.Qf3 Qb8 25.b3 Qe5 26.Bd2 Bd6 27.Kf1 Qd4 28.Ke2 Qe5+
29.Kd1 Qd4 30.Kc2 Be5 31.Qe3 Qd6 32.Ne2 Nd7 33.Qe4 f5 34.Qb7 Bf6 35.f4 Kh7
36.g4 Nb8 37.Qc8 fxg4 38.hxg4 Nc6 39.a3 Nd4+ 40.Nxd4 Qxd4 41.Qxe6 Qb2+ 42.Kd1 Qxb3+
43.Ke2 Qc2 44.f5 Bg5 45.Qg6+ Kh8 46.Qe8+  1/2-1/2

[Event "2nd Women's"]
[Site "Baku AZE"]
[Date "2007.09.09"]
[Round "6"]
[White "Stefanova,A"]
[Black "Lahno,Kateri"]
[Result "1-0"]
[WhiteElo "2481"]
[BlackElo "2450"]

1.c4 e5 2.g3 Nf6 3.Bg2 c6 4.d4 exd4 5.Qxd4 d5 6.cxd5 cxd5 7.Nf3 Nc6 8.Qa4 Bc5
9.O-O O-O 10.Nc3 Re8 11.Qb5 Bb6 12.Bg5 d4 13.Bxf6 Qxf6 14.Nd5 Qd8 15.Rfd1 Be6
16.Nxb6 axb6 17.Qd3 Ra4 18.a3 h6 19.b4 Qa8 20.Nxd4 Nxd4 21.Qxd4 Rxa3 22.Bxb7 Rxa1
23.Bxa8 Rxd1+ 24.Qxd1 Rxa8 25.Qd3 Ra2 26.Kg2 Rb2 27.Qb5 g6 28.Kf3 h5 29.Ke3 Kh7
30.f3 Rb3+ 31.Kf4 Rb2 32.h4 Rd2 33.e4 Rd6 34.Qe5 Rc6 35.Qb8 Bc4 36.Kg5 b5
37.Qf8 Ra6 38.g4 hxg4 39.Kxg4 Rf6 40.f4 Ra6 41.Kg5 Rc6 42.e5 Ra6 43.h5 gxh5
44.f5 Ra2 45.Qh6+ Kg8 46.Qxh5 Ra6 47.Qd1 Ra8 48.Qd6 Ra2 49.Qd8+ Kg7 50.Qf6+ Kg8
51.Qh6 Re2 52.Kf6 Rg2 53.Qh1 Rg4 54.Ke7 Rg5 55.Qa8+ Kg7 56.Qe4 Kg8 57.Qf4 Rg2
58.e6 Rg7 59.f6 Rg2 60.exf7+  1-0

[Event "2nd Women's"]
[Site "Baku AZE"]
[Date "2007.09.10"]
[Round "7"]
[White "Lahno,Kateri"]
[Black "Umudova,N"]
[Result "1-0"]
[WhiteElo "2450"]
[BlackElo "2213"]

1.e4 c5 2.Nf3 Nc6 3.Bb5 e6 4.O-O Nge7 5.c3 a6 6.Be2 d5 7.exd5 Nxd5 8.d4 cxd4
9.Nxd4 Nxd4 10.Qxd4 Qf6 11.Qc4 Bd7 12.Qb3 Bc6 13.Bf3 Rb8 14.Nd2 Qd8 15.Nc4 b5
16.Ne5 Bb7 17.c4 Nb4 18.Rd1 Qc7 19.Bf4 Bxf3 20.Qxf3 Qb7 21.a3 Qxf3 22.Nxf3 Nc6
23.Bxb8 Nxb8 24.cxb5 axb5 25.Rac1  1-0

[Event "2nd Women's"]
[Site "Baku AZE"]
[Date "2007.09.12"]
[Round "9"]
[White "Velikhanli,F"]
[Black "Lahno,Kateri"]
[Result "0-1"]
[WhiteElo "2283"]
[BlackElo "2450"]

1.e4 e5 2.Nf3 Nc6 3.Bb5 a6 4.Ba4 Nf6 5.d3 b5 6.Bb3 Bc5 7.O-O d6 8.c3 h6 9.h3 Bb6
10.Be3 Bxe3 11.fxe3 O-O 12.Nbd2 Na5 13.Bc2 c5 14.Qe1 Nc6 15.Nh4 Kh7 16.Rf3 a5
17.Qf2 a4 18.Rf1 Ra7 19.Nf5 Ne8 20.Qg3 Qg5 21.Qf2 g6 22.Ng3 Qh4 23.Qe2 Ng7
24.Nh1 Qe7 25.Nf2 h5 26.Nd1 Be6 27.a3 Rb8 28.R3f2 Ne8 29.Nf3 Kg8 30.d4 Bc8
31.Bd3 Rab7 32.Nh2 Ng7 33.Qe1 Na5 34.Rf6 Nb3 35.d5 Rc7 36.g4 Nc1 37.Bc2 b4
38.Qh4 Ba6 39.R1f3 Be2 40.Bxa4 Ra7 41.gxh5 Nxh5 42.Ng4 Bxf3 43.Nh6+ Kh7 44.Rxf7+ Qxf7
45.Nxf7 Rxf7 46.Nf2 bxc3 47.bxc3 Rb1  0-1

[Event "4th Open C Women"]
[Site "Moscow RUS"]
[Date "2008.02.02"]
[Round "1"]
[White "Lahno,K"]
[Black "Kalmykova,A"]
[Result "1-0"]
[WhiteElo "2475"]
[BlackElo "2124"]

1.e4 c5 2.Nf3 d6 3.d4 cxd4 4.Nxd4 Nf6 5.Nc3 a6 6.Be2 e5 7.Nb3 Be6 8.O-O Be7
9.Be3 O-O 10.Bf3 Nbd7 11.a4 Nb6 12.Nd2 Qc7 13.Re1 Nc4 14.Nxc4 Qxc4 15.a5 Rac8
16.Re2 Qc6 17.Rd2 Rfd8 18.Bb6 Rd7 19.Nd5 Bxd5 20.exd5 Qc4 21.g3 Bd8 22.Be2 Qe4
23.Bd3 Qg4 24.Qxg4 Nxg4 25.Bf5 Nf6 26.Bxd7 Nxd7 27.Bxd8 Rxd8 28.c4 Rc8 29.Rc2 Kf8
30.b4 Ke7 31.Rac1 Nf6 32.f3 Kd7 33.Rd1 e4 34.Kf2 h5 35.h3 Re8 36.Re2 Rc8
37.Rd4 exf3 38.Kxf3 Nh7 39.Rc2 Ng5+ 40.Kg2 f6 41.Rh4 g6 42.Rf4 f5 43.g4 fxg4
44.hxg4 h4 45.Re2 Rg8 46.Rf6 Rg7 47.c5 Nf7 48.c6+ bxc6 49.dxc6+ Kxc6 50.Re7 Kb5
51.Rexf7 Rxf7 52.Rxf7 Kxb4 53.Rg7 d5 54.Rxg6 d4 55.Rxa6 Kc5 56.Ra8  1-0

[Event "4th Open C Women"]
[Site "Moscow RUS"]
[Date "2008.02.03"]
[Round "2"]
[White "Semenova,Ir"]
[Black "Lahno,K"]
[Result "1/2-1/2"]
[WhiteElo "2270"]
[BlackElo "2475"]

1.e4 e5 2.Nf3 Nc6 3.Bb5 a6 4.Ba4 Nf6 5.Qe2 b5 6.Bb3 Bc5 7.c3 d6 8.d3 h6 9.Nbd2 O-O
10.Nf1 Be6 11.Bc2 d5 12.Ng3 dxe4 13.Nxe4 Nxe4 14.Qxe4 Bd5 15.Qe2 f5 16.Be3 Bd6
17.Bb3 Bxb3 18.axb3 a5 19.O-O Qf6 20.h3 Rae8 21.Nh2 Qe6 22.Qd1 Rd8 23.f4 exf4
24.Bf2 Rfe8 25.d4 Bf8 26.Nf3 g6 27.Rb1 Qd5 28.Qc2 Bg7 29.Kh1 Qf7 30.Nd2  1/2-1/2

[Event "4th Open C Women"]
[Site "Moscow RUS"]
[Date "2008.02.04"]
[Round "3"]
[White "Lahno,K"]
[Black "Cherenkova,K"]
[Result "1/2-1/2"]
[WhiteElo "2475"]
[BlackElo "2256"]

1.e4 e5 2.Nf3 Nc6 3.Bb5 Nf6 4.O-O Nxe4 5.d4 Nd6 6.dxe5 Nxb5 7.Bg5 Be7 8.Bxe7 Qxe7
9.a4 d6 10.axb5 Nxe5 11.Nxe5 dxe5 12.Nc3 O-O 13.Qf3 e4 14.Nxe4 Qb4 15.Nc3 Qxb2
16.Nd5 c6 17.bxc6 bxc6 18.Ne7+ Kh8 19.Nxc8 Rfxc8 20.Qxf7 Qxc2 21.Rxa7 Rxa7
22.Qxa7 Qf5 23.Qe3 c5 24.Rc1 h6 25.h3 Qd5 26.Qc3 c4 27.Re1 Rf8 28.Rc1 Rc8
29.Kf1 Qc5 30.Kg1  1/2-1/2

[Event "4th Open C Women"]
[Site "Moscow RUS"]
[Date "2008.02.05"]
[Round "4"]
[White "Dolgova,O"]
[Black "Lahno,K"]
[Result "0-1"]
[WhiteElo "2217"]
[BlackElo "2475"]

1.d4 g6 2.Nf3 Bg7 3.Bf4 d6 4.e3 Nd7 5.h3 e5 6.Bh2 Qe7 7.c3 f5 8.Be2 Nh6 9.a4 Nf7
10.Na3 O-O 11.Nc4 e4 12.Nfd2 Nf6 13.Qc2 Nd5 14.O-O-O a6 15.Na3 Be6 16.Bc4 c6
17.Rhe1 b5 18.Bb3 Bh6 19.Kb1 Rfb8 20.Ka1 Rb7 21.Ba2 Rab8 22.Rb1 Rc8 23.Qd1 b4
24.Bxd5 Bxd5 25.Nac4 c5 26.a5 bxc3 27.bxc3 Rxb1+ 28.Qxb1 cxd4 29.cxd4 Qc7
30.Na3 Qc3+ 31.Qb2 Bb3 32.Qxc3 Rxc3 33.Kb2 Rc2+  0-1

[Event "4th Open C Women"]
[Site "Moscow RUS"]
[Date "2008.02.08"]
[Round "7"]
[White "Lahno,K"]
[Black "Girya,O"]
[Result "0-1"]
[WhiteElo "2475"]
[BlackElo "2342"]

1.e4 c5 2.Nf3 e6 3.d4 cxd4 4.Nxd4 a6 5.Be2 b5 6.O-O Bb7 7.Bf3 Nc6 8.a4 b4
9.Nxc6 Bxc6 10.Nd2 d5 11.exd5 Bxd5 12.Bxd5 Qxd5 13.Qe2 Nf6 14.Rd1 Rd8 15.Qxa6 Bc5
16.Qb5+ Ke7 17.Rf1 Rb8 18.Qe2 Rhc8 19.Nf3 Ne4 20.Bf4 Ra8 21.Rae1 Nf6 22.b3 Qf5
23.Be5 g5 24.Qd3 Qxd3 25.cxd3 Nd5 26.g3 Bb6 27.Rc1 f6 28.Bb2 Nc3 29.Kg2 Rc6
30.Rc2 Rd8 31.Rfc1 Rxd3 32.g4 Ba5 33.Nd2 Rd4 34.h3 Kd6 35.Bxc3 bxc3 36.Nc4+ Rcxc4
37.bxc4 Rxc4 38.Ra1 Rd4 39.Kf3 Rd3+ 40.Ke2 Rxh3 41.Rb1 Kc6 42.Rb5 Bb6 43.Rb3 Bd4
44.a5 h5 45.gxh5 Rxh5 46.a6 Rh7 47.Ra2 e5 48.Kd3 f5 49.Rb8 Rf7 50.Ra8 Rd7
51.Kc2 Rc7 52.Kb3 Kd5 53.Rd8+ Ke4 54.Rb8 Kd3 55.Rb7 Rc8 56.a7 Ra8 57.Rf7 c2
58.Rc7 Rxa7 59.Rcxa7 Bxa7 60.Rxc2 g4 61.Kb2 f4 62.Kc1 g3 63.fxg3 fxg3 64.Kd1 Bf2
65.Rd2+ Ke3 66.Re2+ Kf3 67.Rxe5 g2 68.Rf5+ Kg4 69.Ke2 g1=Q 70.Rxf2 Qc1  0-1

[Event "4th Open C Women"]
[Site "Moscow RUS"]
[Date "2008.02.10"]
[Round "9"]
[White "Lahno,K"]
[Black "Tairova,E"]
[Result "1-0"]
[WhiteElo "2475"]
[BlackElo "2386"]

1.e4 e6 2.d4 d5 3.Nc3 Bb4 4.exd5 exd5 5.Bd3 Nc6 6.a3 Be7 7.Nge2 Bf6 8.Nf4 Nge7
9.Qh5 Bxd4 10.Nfxd5 Ne5 11.Be4 Ng4 12.O-O c6 13.Ne3 g6 14.Qh4 Bf6 15.Qg3 h5
16.Rd1 Bd7 17.Nc4 b5 18.Nd6+ Kf8  1-0

[Event "TCh-RUS w"]
[Site "Dagomys RUS"]
[Date "2008.04.04"]
[Round "3"]
[White "Sudakova,I"]
[Black "Lahno,K"]
[Result "1/2-1/2"]
[WhiteElo "2330"]
[BlackElo "2479"]

1.e4 e5 2.Nf3 Nc6 3.Nc3 Nf6 4.d4 exd4 5.Nxd4 Bb4 6.Nxc6 bxc6 7.Bd3 d5 8.exd5 cxd5
9.O-O O-O 10.Bg5 c6 11.Qf3 Be7 12.h3 h6 13.Bh4 Rb8 14.b3 Rb4 15.Bg3 Nh7 16.Rad1 Ng5
17.Qe2 Bf6 18.Qd2 Rb7 19.Na4 Re7 20.c4 d4 21.Nc5 Rfe8 22.f4 Nh7 23.Rde1 Rxe1
24.Rxe1 Nf8 25.Rxe8 Qxe8 26.Qe1 Qd8 27.Be4 Qb6 28.Nd3 a5 29.Qd2 Nd7 30.Be1 Bd8
31.Bf3 c5 32.Qe2 Kf8 33.Qe4 Qe6 34.Qxe6 fxe6 35.Bc6 Bb6 36.Kf2 Ke7 37.Ke2 Kd6
38.Bf3 Ba6 39.Bg3 Ke7 40.Bh4+ Kd6 41.Nf2 Nf6 42.g4 Nd5 43.Bxd5 exd5 44.Kd3 g6
45.Bf6 Bc8 46.Bg7 h5 47.Bf8+ Kc6 48.Kd2 hxg4 49.hxg4 Bc7 50.Nd3 Bxg4 51.Bxc5 dxc4
52.bxc4 Bf5 53.Bxd4 Bxd3 54.Kxd3 Bxf4 55.Ke4 Bc1 56.a4 Bd2 57.Bf2 Kd6 58.Bb6 Ke6
59.Bf2 g5 60.Bg3 Bb4 61.Be5 Bd6 62.Bc3 Bc7 63.Be1 g4 64.Bxa5 Bxa5 65.Kf4  1/2-1/2

[Event "TCh-RUS w"]
[Site "Dagomys RUS"]
[Date "2008.04.11"]
[Round "9"]
[White "Lahno,K"]
[Black "Korbut,E"]
[Result "1/2-1/2"]
[WhiteElo "2479"]
[BlackElo "2468"]

1.e4 c5 2.Nf3 d6 3.d4 cxd4 4.Nxd4 Nf6 5.Nc3 a6 6.Bg5 e6 7.f4 Qb6 8.Qd2 Nc6
9.Bxf6 gxf6 10.Nb3 Bd7 11.Be2 h5 12.Rf1 O-O-O 13.O-O-O Kb8 14.Rf3 Ne5 15.Rh3 h4
16.Kb1 Ng6 17.Rd3 Bc8 18.Na4 Qc6 19.Qa5 Qc7 20.Nb6 Ka7 21.Nxc8+ Rxc8 22.Qd2 Qb6
23.Bf3 Bh6 24.g3  1/2-1/2

[Event "IX EICC w"]
[Site "Plovdiv BUL"]
[Date "2008.04.30"]
[Round "9"]
[White "Cramling,P"]
[Black "Lahno,K"]
[Result "1/2-1/2"]
[WhiteElo "2539"]
[BlackElo "2479"]

1.d4 Nf6 2.c4 g6 3.Nc3 d5 4.Bf4 Bg7 5.e3 c5 6.dxc5 Qa5 7.Rc1 dxc4 8.Bxc4 O-O
9.Ne2 Qxc5 10.Qb3 Nc6 11.Nb5 Qh5 12.Ng3 Qh4 13.Nc7 e5 14.Bxe5 Nxe5 15.Nxa8 Bd7
16.Nc7 Bc6 17.Bf1 Rd8 18.Rxc6 bxc6 19.Be2 Nfg4 20.Na6 Bf8 21.Qc3 Bg7 22.Qb3 Bf8  1/2-1/2

[Event "TCh-ARM"]
[Site "Yerevan ARM"]
[Date "2008.06.16"]
[Round "1"]
[White "Lahno,Kateri"]
[Black "Anastasian,A"]
[Result "1/2-1/2"]
[WhiteElo "2479"]
[BlackElo "2560"]

1.e4 c6 2.d4 d5 3.e5 Bf5 4.Nd2 e6 5.Nb3 Nd7 6.Nf3 Bg6 7.Be2 Ne7 8.O-O Nf5
9.Bd2 Rc8 10.Rc1 Be7 11.g4 Nh4 12.Nxh4 Bxh4 13.f4 f5 14.c4 Be7 15.Na5 Qb6
16.c5 Qc7 17.Qb3 Rb8 18.Qg3 O-O 19.h3 Rfc8 20.b4 Nf8 21.Kh2 Bd8 22.a4 Qf7
23.Nb3 a6 24.Rg1 Rc7 25.b5 axb5 26.axb5 cxb5 27.Ba5 Rcc8 28.Bxd8 Rxd8 29.Bxb5 Ra8
30.Ra1 fxg4 31.hxg4 Bc2 32.Nd2 h5 33.Nf3 hxg4 34.Qxg4 Bf5 35.Qg5 Ng6 36.Nh4 Nxh4
37.Qxh4 Rf8 38.Qg5 Be4 39.Kg3 Qc7 40.Rge1  1/2-1/2

[Event "Superfinal Chelyabinsk Oblast"]
[Site "Satka RUS"]
[Date "2008.07.06"]
[Round "1"]
[White "Lahno,Kateri"]
[Black "Looshnikov,N"]
[Result "1/2-1/2"]
[WhiteElo "2507"]
[BlackElo "2462"]

1.d4 Nf6 2.c4 c6 3.Nc3 d5 4.Nf3 e6 5.Bg5 Nbd7 6.e3 Qa5 7.Nd2 Bb4 8.Qc2 O-O
9.Be2 dxc4 10.Bxf6 Nxf6 11.Nxc4 Qf5 12.Bd3 Qh5 13.O-O c5 14.Ne4 Nxe4 15.Bxe4 cxd4
16.exd4 Rb8 17.Rad1 Bd7 18.d5 Rfc8 19.Qb3 Bb5 20.Qxb4 Bxc4 21.Rfe1 Bxd5 22.Bxd5 exd5  1/2-1/2

[Event "Superfinal Chelyabinsk Oblast"]
[Site "Satka RUS"]
[Date "2008.07.06"]
[Round "13"]
[White "Meister,Jak"]
[Black "Lahno,Kateri"]
[Result "1/2-1/2"]
[WhiteElo "2487"]
[BlackElo "2507"]

1.d4 Nf6 2.c4 e6 3.Nc3 Bb4 4.Bd2 O-O 5.a3 Bxc3 6.Bxc3 b6 7.e3 Bb7 8.Nf3 d6
9.Bd3 Ne4 10.Rc1 Nd7 11.O-O f5  1/2-1/2

[Event "Superfinal Chelyabinsk Oblast"]
[Site "Satka RUS"]
[Date "2008.07.08"]
[Round "3"]
[White "Lahno,Kateri"]
[Black "Kurnosov,I"]
[Result "1/2-1/2"]
[WhiteElo "2507"]
[BlackElo "2617"]

1.d4 Nf6 2.c4 d6 3.Nf3 g6 4.Nc3 Bf5 5.Qb3 Qc8 6.Nh4 Bd7 7.e4 e5 8.dxe5 dxe5
9.Nf3 Nc6 10.Nd5 Bg7 11.Bd3 Bg4 12.Bg5 Nd7 13.Qa3 Bxf3 14.gxf3 h6 15.Be3 Qd8
16.f4 exf4 17.Bxf4 Nce5 18.Be2 c6 19.Ne3 Qb6 20.Nc2 Bf8 21.Qc3 Bg7 22.Qa3 Bf8
23.Qc3 Bg7 24.Qa3 Bf8  1/2-1/2

[Event "Superfinal Chelyabinsk Oblast"]
[Site "Satka RUS"]
[Date "2008.07.13"]
[Round "8"]
[White "Lahno,Kateri"]
[Black "Sveshnikov,E"]
[Result "1/2-1/2"]
[WhiteElo "2507"]
[BlackElo "2510"]

1.d4 d5 2.c4 e6 3.Nf3 Nf6 4.Nc3 c6 5.Bg5 Be7 6.e3 h6 7.Bh4 O-O 8.Qc2 Nbd7
9.a3 b6 10.cxd5 cxd5 11.Bd3 Bb7 12.O-O Rc8 13.Rfc1 Ne4 14.Bxe7 Qxe7 15.Qa4 a6
16.Na2 Qd6 17.Qb4 Qxb4 18.Nxb4 a5 19.Na2 f6 20.Kf1 Kf7 21.Ke1  1/2-1/2

[Event "Superfinal Chelyabinsk Oblast"]
[Site "Satka RUS"]
[Date "2008.07.16"]
[Round "11"]
[White "Dvoirys,S"]
[Black "Lahno,Kateri"]
[Result "1-0"]
[WhiteElo "2553"]
[BlackElo "2507"]

1.e4 e5 2.Nf3 Nc6 3.Bb5 a6 4.Ba4 Nf6 5.O-O b5 6.Bb3 Bc5 7.a4 Rb8 8.axb5 axb5
9.Nxe5 Nxe5 10.d4 Bxd4 11.Qxd4 d6 12.f4 Nc6 13.Qd3 O-O 14.Nc3 Re8 15.e5 dxe5
16.Qxd8 Nxd8 17.fxe5 Ng4 18.Nd5 c5 19.Nc7 Rf8 20.Bd5 Ne6 21.Bxe6 Bxe6 22.h3 Bc4
23.Re1 Rb7 24.b3 Rxc7 25.bxc4 Nh6 26.cxb5 c4 27.b6 Rb7 28.Be3 Nf5 29.Ra7 Rbb8
30.Bc5 Rfe8 31.b7  1-0

[Event "Trophee CCAS GpA"]
[Site "Cap d'Agde FRA"]
[Date "2008.10.26"]
[Round "2"]
[White "Bu Xiangzhi"]
[Black "Lahno,Kateri"]
[Result "1/2-1/2"]
[WhiteElo "2714"]
[BlackElo "2488"]

1.c4 Nf6 2.Nc3 d5 3.cxd5 Nxd5 4.Nf3 g6 5.Qa4+ Bd7 6.Qb3 Nb6 7.d4 Be6 8.Qc2 Bg7
9.e4 c6 10.Bf4 O-O 11.Qd2 Bc4 12.Bxc4 Nxc4 13.Qe2 Nb6 14.Rd1 Na6 15.O-O Nc7
16.Bg3 a6 17.a4 a5 18.Rd2 Rc8 19.Rfd1 Qd7 20.Ne5 Qe8 21.b3 Ne6 22.d5 cxd5
23.Nxd5 Nxd5 24.Rxd5 Nc5 25.Nd7 Nxd7 26.Rxd7 Rc1 27.Qd2 Rxd1+ 28.Qxd1 Qc8
29.Rc7 Qe6 30.Qd5 Rd8 31.Rxe7 Rxd5 32.h4 b6 33.Re8+ Bf8 34.Bc7 Kg7 35.Bxb6 Bb4
36.g3 Kf6 37.Rd8 Rxd8 38.Bxd8+ Ke5 39.Kg2 Kd4 40.Kf3 Kc3 41.Kf4 Kxb3 42.Kg5 Kxa4
43.Kh6 Kb3 44.Bxa5 Bxa5 45.Kxh7 Be1 46.Kg7 Bxf2  1/2-1/2

[Event "38th Olympiad w"]
[Site "Dresden GER"]
[Date "2008.11.17"]
[Round "5"]
[White "Lahno,Kateri"]
[Black "Repkova,E"]
[Result "1/2-1/2"]
[WhiteElo "2488"]
[BlackElo "2400"]

1.e4 Nc6 2.Nf3 d5 3.exd5 Qxd5 4.Nc3 Qa5 5.h3 Nf6 6.Bc4 Bf5 7.d3 e6 8.Bd2 O-O-O
9.a3 Qc5 10.b4 Qd6 11.O-O Nd5 12.Re1 Nb6 13.Ba2 Be7 14.Ng5 Bxg5 15.Bxg5 f6
16.Be3 e5 17.Qf3 Qd7 18.Ne4 Bxe4 19.dxe4 Nd4 20.Bxd4 exd4 21.Bb3 Qe7 22.Rad1 Kb8
23.Rd3 Rd6 24.Qg3 g5 25.e5 Rdd8 26.Re4 Nd5 27.Bxd5 Rxd5 28.Rdxd4 Rxd4 29.Rxd4 fxe5
30.Rd5 Re8 31.Qd3 Kc8 32.b5 h6 33.c4 e4 34.Qe3 b6 35.a4 Qb4  1/2-1/2

[Event "10th EICC w"]
[Site "St Petersburg RUS"]
[Date "2009.03.08"]
[Round "1"]
[White "Arabidze,M"]
[Black "Lahno,Kateri"]
[Result "0-1"]
[WhiteElo "2246"]
[BlackElo "2488"]

1.d4 Nf6 2.c4 g6 3.g3 Bg7 4.Bg2 d5 5.cxd5 Nxd5 6.Nf3 Nb6 7.Nc3 Nc6 8.d5 Na5
9.O-O O-O 10.Qc2 c6 11.dxc6 Nxc6 12.Rd1 Qe8 13.Qe4 Bf5 14.Qh4 Bc2 15.Rd2 Bf5
16.Rd1 f6 17.g4 Bc2 18.Rd2 g5 19.Qg3 Bg6 20.Nb5 Qf7 21.Nfd4 Nxd4 22.Nxd4 Rad8
23.Nf5 e6 24.Nxg7 Kxg7 25.b3 e5 26.Qf3 e4 27.Qe3 Nd5 28.Qxa7 Nf4 29.Rxd8 Nxe2+
30.Kh1 Rxd8 31.Be3 Qd7 32.Qb6 h5 33.Bf1 Nc3 34.Qa5 Nd1 35.Be2 Nxe3 36.fxe3 Qd2
37.Qb5 Qxe3 38.gxh5 Rd2 39.Qxb7+ Bf7 40.h6+ Kg6 41.Bh5+ Kxh5 42.Qxf7+ Kh4
43.Qxf6 Qe2  0-1

[Event "10th EICC w"]
[Site "St Petersburg RUS"]
[Date "2009.03.10"]
[Round "3"]
[White "Turova,I"]
[Black "Lahno,Kateri"]
[Result "1/2-1/2"]
[WhiteElo "2379"]
[BlackElo "2488"]

1.Nf3 Nf6 2.c4 g6 3.Nc3 d5 4.cxd5 Nxd5 5.Qa4+ Bd7 6.Qh4 Nxc3 7.dxc3 Nc6 8.Qg3 f6
9.h4 e5 10.h5 g5 11.e4 Qe7 12.Be2 Nd8 13.Nh2 Ne6 14.O-O Bc6 15.Qe3 a6 16.Bg4 Rd8
17.g3 Nc5 18.b4 Nxe4 19.Bf3 Nd6 20.Bxc6+ bxc6 21.Ng4 Kf7 22.Qe2 Qe6 23.Be3 Be7
24.Bc5 Rhe8 25.f3 Nc4 26.Bxe7 Kxe7 27.Rad1 f5 28.Nf2 Kf6 29.g4 Nd6 30.gxf5 Nxf5
31.Ng4+ Kg7 32.Rxd8 Rxd8 33.Qxe5+ Qxe5 34.Nxe5 c5 35.Rf2 Rd1+ 36.Kh2 Kh6
37.f4 Kxh5 38.fxg5 Kxg5 39.Nf7+ Kg6 40.Ne5+ Kg5 41.Nf7+  1/2-1/2

[Event "10th EICC w"]
[Site "St Petersburg RUS"]
[Date "2009.03.11"]
[Round "4"]
[White "Lahno,Kateri"]
[Black "Bodnaruk,A"]
[Result "1-0"]
[WhiteElo "2488"]
[BlackElo "2384"]

1.e4 c5 2.Nf3 d6 3.d4 cxd4 4.Nxd4 Nf6 5.Nc3 a6 6.Bg5 e6 7.f4 Nbd7 8.Bc4 b5
9.Bxe6 fxe6 10.Nxe6 Qa5 11.Nxf8 Rxf8 12.Qxd6 Qb6 13.O-O-O Qxd6 14.Rxd6 Nc5
15.Re1 Kf7 16.Rc6 Ne6 17.Bxf6 gxf6 18.f5 Nd8 19.Rc7+ Kg8 20.Rd1 Nf7 21.Nd5 Ne5
22.Nb6 Rb8 23.Rd6 Nc4 24.Nxc4 bxc4 25.Rxc4 Kg7 26.b3 h5 27.Kd2 Kh6 28.Ke3 Kg5
29.Rc7 Rb7 30.Rdc6 Rxc7 31.Rxc7 Rg8 32.Kf3 a5 33.Rh7 Re8 34.Rg7+ Kh6 35.Rg6+ Kh7
36.Rxf6 Re7 37.Rd6 a4 38.bxa4 Rc7 39.g3 Rxc2 40.h3 Rxa2 41.Rc6 Bd7 42.Rc7 Rd2
43.Kf4 Kg8 44.a5 Bb5 45.g4 hxg4 46.hxg4 Ra2 47.g5 Bd3 48.Rd7 Bc4 49.Ra7 Bd3
50.g6 Ra4 51.Ra8+ Kg7 52.Kg5  1-0

[Event "10th TCh-RUS w"]
[Site "Dagomys RUS"]
[Date "2009.04.03"]
[Round "2"]
[White "Romanko,M"]
[Black "Lahno,Kateri"]
[Result "0-1"]
[WhiteElo "2466"]
[BlackElo "2478"]

1.d4 Nf6 2.c4 g6 3.Nc3 Bg7 4.e4 d6 5.Bd3 O-O 6.Nge2 c5 7.d5 e6 8.O-O exd5
9.cxd5 a6 10.a4 Re8 11.Ng3 Nbd7 12.h3 h5 13.Re1 Nh7 14.Be3 Ne5 15.Be2 h4
16.Nf1 f5 17.Nd2 Bd7 18.a5 Rb8 19.Ra2 Qf6 20.f3 Qf8 21.Bf2 Bf6 22.Na4 Bb5
23.Nb6 Bg5 24.b3 Nf6 25.exf5 Bxe2 26.Rxe2 gxf5 27.Ndc4 Nxc4 28.Nxc4 Rxe2
29.Rxe2 Re8 30.Re6 Rxe6 31.dxe6 d5 32.Ne5 Qe8 33.Nf7 Bf4 34.Qe2 d4 35.Qc4 Qb5
36.Bxh4 Qxa5 37.Bf2 Qa1+ 38.Qf1 Bh2+  0-1

[Event "10th TCh-RUS w"]
[Site "Dagomys RUS"]
[Date "2009.04.04"]
[Round "3"]
[White "Ivkina,O"]
[Black "Lahno,Kateri"]
[Result "0-1"]
[WhiteElo "2275"]
[BlackElo "2478"]

1.e4 e5 2.Nf3 Nc6 3.Bb5 f5 4.d4 fxe4 5.Bxc6 dxc6 6.Nxe5 Nf6 7.Bg5 c5 8.c3 Be7
9.O-O Be6 10.Qe2 O-O 11.Bxf6 gxf6 12.Nd3 f5 13.Nxc5 Bxc5 14.dxc5 Qd5 15.Nd2 Qxc5
16.Nb3 Qc4 17.Qh5 Rae8 18.Rfd1 b6 19.Rd4 Qc6 20.Rad1 Bc8 21.Qg5+ Qg6 22.Qf4 Qg7
23.R4d2 Qe5 24.Qg5+ Qg7 25.Qf4 c5 26.Rd6 Be6 27.Nc1 Kh8 28.Ne2 Bxa2 29.Rd7 Re7
30.Qc7 Rfe8 31.Nf4 Bg8 32.h4 Qf6 33.h5 e3 34.fxe3 Rxe3 35.Rd8 Re1+ 36.Rxe1 Rxe1+
37.Kh2 Qh4+ 38.Nh3 f4 39.Rd3 Qxh5 40.Qxf4 Qe5 41.Rd7 Qxf4+ 42.Nxf4 Rb1 43.Nd3 Rd1
44.Nxc5 Rxd7 45.Nxd7 Kg7 46.Kg3 Bd5 47.b4 Be6 48.Ne5 a5 49.bxa5 bxa5 50.Nc6 a4
51.Nd4 Kf6 52.Kf4 a3 53.Nc2 a2 54.g3 Bf5 55.Na1 Ke6 56.Nb3 Bg6 57.c4 Bd3
58.Na1 Bxc4 59.Ke4 Kf6 60.Kf4 Be6 61.Nc2 Bb3 62.Na1 Bd1 63.Ke3 Kg5 64.Kd2 Bf3
65.Ke3 Kg4 66.Kf2 h5 67.Nc2 Bd1 68.Na1 Kh3 69.Ke1 Kxg3 70.Kxd1 h4  0-1

[Event "10th TCh-RUS w"]
[Site "Dagomys RUS"]
[Date "2009.04.05"]
[Round "4"]
[White "Avdeeva,Ve"]
[Black "Lahno,Kateri"]
[Result "0-1"]
[WhiteElo "2149"]
[BlackElo "2478"]

1.d4 Nf6 2.c4 g6 3.Nc3 Bg7 4.e4 d6 5.h3 O-O 6.Bg5 Qe8 7.Bd3 e5 8.d5 a5 9.Nge2 Na6
10.O-O Nh5 11.Qd2 f5 12.exf5 gxf5 13.f4 e4 14.Bc2 Kh8 15.Kh2 Rg8 16.Nd1 Qg6
17.Rg1 Bd7 18.Rc1 Rae8 19.b3 Nb4 20.Bb1 Nf6 21.Ne3 Nd3 22.Bxf6 Qxf6 23.Rcf1 Nc5
24.Qxa5 Qb2 25.Qe1 Nd3 26.Qd1 b5 27.Qc2 Qf6 28.Qd2 Nc5 29.Rc1 bxc4 30.Nxc4 e3
31.Qd1 Qh4 32.Qe1 Qh6 33.Rd1 Ne4 34.Bxe4 Rxe4 35.Rd3 Bb5 36.Rxe3 Rxe3 37.Nxe3 Re8
38.Nxf5 Qg6 39.Nxg7 Qxg7 40.Qb4 Bxe2 41.Re1 Qb2 42.Qa4 Re7 43.Kh1 Qd2 44.Rg1 Qxd5
45.Qb4 Qe4 46.Qc3+  0-1

[Event "2nd Open"]
[Site "Paleohora GRE"]
[Date "2009.07.21"]
[Round "1"]
[White "Lahno,Kateri"]
[Black "Patrinos,I"]
[Result "1-0"]
[WhiteElo "2481"]
[BlackElo "1746"]

1.e4 e6 2.d4 d5 3.Nc3 dxe4 4.Nxe4 Nd7 5.Nf3 Be7 6.Bd3 b6 7.Bb5 Nf6 8.Bc6 Rb8
9.Nxf6+ Bxf6 10.Qe2 O-O 11.Bf4 Bb7 12.Bxb7 Rxb7 13.Qe4 Qc8 14.O-O-O c5 15.d5 exd5
16.Qxd5 Rd8 17.Qe4 Re8 18.Qa4 b5 19.Qa6 Re6 20.Rd6 Rxd6 21.Bxd6 Nb8 22.Qa3 Be7
23.Rd1 b4 24.Qa5 Rd7 25.Bxe7 Rxd1+ 26.Kxd1 Qd7+ 27.Nd2 Qxe7 28.Qb5 Nd7 29.Qb7 g6
30.Qxa7 Qd6 31.h3 Nf6 32.Qa8+ Kg7 33.Qf3 Qa6 34.a3 bxa3 35.bxa3 Qd6 36.Kc1 Qe5
37.Qe3 Qd5 38.f3 Nh5 39.Ne4 c4 40.g4 Nf6 41.Qc3 Qe6 42.g5 Qxh3 43.Qxf6+ Kf8
44.Nd6 Qd7 45.Qh8+ Ke7 46.Nc8+  1-0

[Event "2nd Open"]
[Site "Paleohora GRE"]
[Date "2009.07.22"]
[Round "2"]
[White "Canneva,F"]
[Black "Lahno,Kateri"]
[Result "0-1"]
[WhiteElo "2114"]
[BlackElo "2481"]

1.e4 d6 2.d4 Nf6 3.Nc3 g6 4.Nf3 Bg7 5.Be3 c6 6.Bd3 Nbd7 7.h3 e5 8.Qd2 Qa5
9.O-O O-O 10.Rad1 Re8 11.Rfe1 Qc7 12.Bh6 Bh8 13.Ne2 exd4 14.Nexd4 Nc5 15.Qf4 Nh5
16.Qd2 Bd7 17.g4 Nxd3 18.cxd3 Ng7 19.b3 a5 20.Qf4 c5 21.Rc1 Qd8 22.Ne2 Bc6
23.Ng3 Ne6 24.Qd2 d5 25.Ng5 Nd4 26.Qf4 Qd7 27.exd5 Qxd5 28.N5e4 Re6 29.Re3 b6
30.Bg5 Be5 31.Qxe5 Qxe5 32.Nf6+ Qxf6  0-1

[Event "2nd Open"]
[Site "Paleohora GRE"]
[Date "2009.07.22"]
[Round "3"]
[White "Lahno,Kateri"]
[Black "Maris,I"]
[Result "0-1"]
[WhiteElo "2481"]
[BlackElo "1967"]

1.e4 c5 2.Nf3 e6 3.d4 cxd4 4.Nxd4 a6 5.c4 Nf6 6.Nc3 Qc7 7.Bd3 Bc5 8.Nb3 Be7
9.Be3 d6 10.f4 Nbd7 11.O-O b6 12.Nd2 Bb7 13.Rc1 Rd8 14.b4 Qb8 15.Nb3 O-O
16.Qe2 Qa8 17.Bf2 Rfe8 18.Bb1 g6 19.Rfd1 d5 20.cxd5 exd5 21.e5 Bxb4 22.Na4 Nh5
23.Nxb6 Nxb6 24.Bxb6 Rc8 25.Qf2 Ba3 26.Rxc8 Qxc8 27.Be3 Qg4 28.Re1 Rc8 29.Bd3 Rc3
30.Be2 Qf5 31.g4 Qe4 32.Bf3 Nxf4 33.Qg3 Qb4 34.Bd2 g5 35.Bxc3 Qxc3 36.Bg2 Qb4  0-1